000 00586cam a22002053a 4500
001 38710
003 PGUSA
005 20140828083844.0
008 120129s2012||||xxu|||||s|||||000 | eng d
040 _aPGUSA
_beng
042 _adc
100 1 _aPotter, Margaret Horton
245 1 0 _aIstar of Babylon :
_bA Phantasy
_h[electronic resource] /
_cMargaret Horton Potter
260 _bProject Gutenberg,
_c2012
506 _aPublic domain in the USA.
516 _aElectronic text
830 0 _aProject Gutenberg
_v38710
856 4 0 _uhttp://www.gutenberg.org/ebooks/38710
942 _cEB
999 _c267964
_d267964